| 000 | 01082nam a2200301 a 4500 | ||
|---|---|---|---|
| 001 | 000024834 | ||
| 005 | 20200930023410.0 | ||
| 008 | 110203s1997 sp r 000 | spa d | ||
| 020 | _a8474261112 | ||
| 040 |
_aDO-SdBNP _bspa _cBNPHU |
||
| 041 | 1 | 7 |
_ager _hspa _2Código de idioma MARC |
| 082 |
_a831.6 _bN935h |
||
| 100 | 1 |
_aNovalis, _d1772-1801 _qFriedrich von Hardenberg _950974 |
|
| 240 | 1 | 0 |
_aHymnen an die Nacht. _lEspañol |
| 245 | 1 | 0 |
_aHimnos a la noche / _cNovalis ; traducción José María Valverde ; introducción Rafael Argullol; edición P. Kluckhohn y R. Samuel. |
| 260 |
_aQuito, (Ecuador) : _bIcaria Editorial , _c1997. |
||
| 300 |
_a182 p. ; _c21 cm. |
||
| 490 | 1 |
_aIcaria Literaria _v25 |
|
| 534 |
_aTítulo original : _tHymnen an die Nacht |
||
| 650 | 4 |
_aPoesía alemana _98862 |
|
| 650 | 4 |
_aLiteratura alemana _93274 |
|
| 700 | 1 |
_aValverde, José María, _etr. _942706 |
|
| 700 | 1 |
_aArgullol, Rafael, _eintr. _950975 |
|
| 700 | 1 |
_aKluckhohn, P., _eed. _950976 |
|
| 700 | 1 |
_aSamuel, R., _eed. _950977 |
|
| 830 | 0 |
_aIcaria Literaria; _v25 _913591 |
|
| 049 | _aBNGR | ||
| 999 |
_c24327 _d24327 |
||